Φιλοσοφία και σύγχρονες τάσεις της βιολογίας : οι αντιλήψεις για τη ζωή από την αρχαιότητα μέχρι τον 20ο αιώνα

Αποθηκεύτηκε σε:
Λεπτομέρειες βιβλιογραφικής εγγραφής
Κύριος συγγραφέας: Σκούρας, Ζαχαρίας Γ.
Μορφή: Βιβλίο
Γλώσσα:Greek
Δημοσίευση: Θεσσαλονίκη : University Studio Press, 2004
Θέματα:
Ετικέτες: Προσθήκη ετικέτας
Δεν υπάρχουν, Καταχωρήστε ετικέτα πρώτοι!

MARC

LEADER 00000nam a2200000 i 4500
001 1/58183
008 071011s2004 gre d
020 |a 960-12-1361-9 
035 |l 10091444 
040 |a GR-MY-UA  |b gre  |e aacr 
041 0 |a gre 
082 0 |a 570.1  |2 (22) 
100 1 |a Σκούρας, Ζαχαρίας Γ. 
245 1 0 |a Φιλοσοφία και σύγχρονες τάσεις της βιολογίας :  |b οι αντιλήψεις για τη ζωή από την αρχαιότητα μέχρι τον 20ο αιώνα /  |c Ζαχαρίας Γ. Σκούρας 
260 |a Θεσσαλονίκη :   |b University Studio Press,   |c 2004 
300 |a 235 σ.;  |c 24 εκ. 
504 |a Βιβλιογραφία: σ.233-235 
600 0 0 |a Darwin, Charles,   |d 1809-1882. 
650 0 0 |a Biology  |x Philosophy. 
650 0 0 |a Life (Biology) 
852 |a INST  |b RHODES  |e 20071011  |h 570.1 ΣΚΟ  |p 005400025633  |q 005400025633  |t BK  |y 0 
901 |a BIBL4-2007-3 
909 |a Ρ  |b 136064 
922 |a 4ΕΛΗ  |b 200707  |c ΕΠΕΑΕΚ2/ΤΕΠΑΕΣ  |d Σ. ΠΑΤΑΚΗΣ 
970 |a ΚΟΖΑ  |b ΜΑΡΙΑ  |z 2007/10/11